000 00232nam a22001217a 4500
040 _cSK
082 _a363
100 _aFAO
245 _aAssuring food safety and quality
260 _aFAO
_bFAO
_c1997
300 _a71p.
942 _cEK
999 _c8864
_d8864